Posters by Cassandre /
Descripción Física:
13 pàg. : il. b/n ; 26 cm
Materias:
Cassandre, -- 1901-1968
; Cassandre, -- 1901-1968 -- Catàlegs
; Cartells -- S. XX -- Catàlegs
; Fons Joan Junyer i Pascual (1909-1994)
Idioma:
English
MARC
| LEADER | 00000nam a22000007a 4500 | ||
|---|---|---|---|
| 001 | 24718 | ||
| 003 | AGDB | ||
| 005 | 20260324181537.0 | ||
| 008 | 251021b -us||||| |||| 00| 0 eng d | ||
| 041 | |a eng | ||
| 245 | |a Posters by Cassandre / |c Museum of Modern Art | ||
| 260 | |a New York : |b The Museum of Modern Art , |c cop. 1936 | ||
| 300 | |a 13 pàg. : |b il. b/n ; |c 26 cm | ||
| 500 | |a Prové del fons Joan Junyer i Pascual (1909-1994) | ||
| 600 | 1 | 0 | |a Cassandre, |d 1901-1968 |9 72603 |
| 600 | 0 | |a Cassandre, |d 1901-1968 |v Catàlegs |2 lemac |9 72604 | |
| 650 | 0 | |a Cartells |y S. XX |v Catàlegs |9 72605 | |
| 650 | 0 | |a Fons Joan Junyer i Pascual (1909-1994) |9 72777 | |
| 710 | |a Museum of Modern Art (Nova York, Nova York, Estats Units d'Amèrica) |9 72606 | ||
| 942 | |2 udc |c ARXIU |n 1 | ||
| 952 | |0 0 |1 0 |4 0 |6 F504113 |7 1 |9 98529 |a Arxiu |b Arxiu |d 2025-10-21 |l 0 |o F-504-113 |p 24718 |r 2025-10-21 13:41:47 |w 2025-10-21 |y ARXIU | ||
| 999 | |c 130280 |d 130280 | ||